Ciencias sociales 7 : para pensar :

Guardado en:
Autor Principal: Vázquez de Fernández, Silvia
Otros Autores: Iujnevich, Cecilia Alba, Saieb, Patricia Laura
Formato: Libro
Publicado: Buenos Aires : Kapelusz, 2011
Series:Sociedades y territorios
Materias:
Etiquetas: Agregar Etiqueta
Sin Etiquetas, Sea el primero en etiquetar este registro!
LEADER 01626nam a22002895a 4500
001 CEM.cems017927
005 20121127121435.0
008 130507s2011##################000#0#####d
003 CEMS
020 |a 9789501301953 
082 0 4 |a 302 
100 1 |a Vázquez de Fernández, Silvia 
245 1 0 |a Ciencias sociales 7 :  |b para pensar :  |c Silvia Vázquez de Fernández ... [et Al.] 
260 |a Buenos Aires :  |b Kapelusz,  |c 2011 
300 |a 62 p. 
490 0 |a Sociedades y territorios 
500 |a Fichero de actividadesacompaña al libro de texto Ciencias sociales 7 
505 0 |a La geografía: una ciencia social del espacio -- Nuestro planeta, un sistema por conocer -- El manejo de los recursos naturales y los problemas ambientales -- La población en el mundo -- Los procesos económicos del mundo actual -- Las primeras sociedades humanas -- Las primeras sociedades urbanas -- Sociedades de la antigüedad clásica: las polis griegas -- Roma, un estado colosal y perdurable -- Las sociedades del medioevo -- La vida en sociedad y las normas -- Carpeta de actividades 
653 |a Ciencias sociales 
653 |a Ciencias sociales-fichero de actividades 
700 1 |a Iujnevich, Cecilia Alba 
700 1 |a Saieb, Patricia Laura 
859 |a CEMS  |b BIB. CEMS - Agricultura  |h 302  |i V479-1  |p A1707.12  |t Ej.1  |v 7  |3 7 
859 |a CEMS  |b BIB. CEMS - Agricultura  |h 302  |i V479-1  |p A1708.12  |t Ej.2  |v 7  |3 7 
859 |a CEMS  |b BIB. CEMS - Agricultura  |h 302  |i V479-1  |p A1709.12  |t Ej.3  |v 7  |3 7 
859 |a CEMS  |b BIB. CEMS - Agricultura  |h 302  |i V479-1  |p A1710.12  |t Ej.4  |v 7  |3 7 
859 |a CEMS  |b BIB. CEMS - Agricultura  |h 302  |i V479-1  |p A1711.12  |t Ej.5  |v 7  |3 7